LIBRARY & INFORMATION CENTRE, KCAET, TAVANUR

ONLINE PUBLIC ACCESS CATALOGUE (OPAC)

Health innovation and family planning: A study in eight indian villages / (Record no. 10641)

MARC details
000 -LEADER
fixed length control field 00542cam a2200193ua 4500
041 ## - LANGUAGE CODE
Language code of text/sound track or separate title eng
082 ## - DEWEY DECIMAL CLASSIFICATION NUMBER
Classification number 613.94
Item number PRO/HE
100 ## - MAIN ENTRY--AUTHOR NAME
Personal name Pradipto, Roy .
245 ## - TITLE STATEMENT
Title Health innovation and family planning: A study in eight indian villages /
250 ## - EDITION STATEMENT
Edition statement 1 /
260 ## - PUBLICATION, DISTRIBUTION, ETC. (IMPRINT)
Place of publication Hyderabad :
Name of publisher National Institute of Community Development ,
Year of publication 1968.
300 ## - PHYSICAL DESCRIPTION
Number of Pages 53 ; .
700 1# - ADDED ENTRY--PERSONAL NAME
Personal name Kivlin, Joseph .
942 ## - ADDED ENTRY ELEMENTS (KOHA)
Koha item type Books
Holdings
Withdrawn status Lost status Damaged status Home library Current library Date acquired Full call number Accession Number Koha item type
      KAUAET KAUAET 07/04/2012 613.94 13077 Books
free website counter